LEADER 02870nam0 2200541 i 450 001 PAL0168045 005 20231121125604.0 010 $a8872848431 020 $aIT$b2000-10715 100 $a20001031d1999 ||||0itac50 ba 101 | $aita$alat$cita 102 $ait 181 1$6z01$ai $bxxxe 182 1$6z01$an 200 1 $aGioacchino da Fiore$eun maestro della civiltà europea$eantologia di testi gioachimiti tradotti e commentati$f[a cura di] Francesco D'Elia $g1. appendice: L'iconografia gioachimita di Salvatore Oliverio$g2. appendice: Il linguaggio gioachimita, testo latino dei brani tradotti a cura di Francesco D'Elia 205 $a2. ed. riveduta e ampliata 210 $aSoveria Mannelli$cRubbettino$d1999 215 $a225 p.$cill.$d21 cm 300 $aIn testa al frontespizio: Centro internazionale di studi gioachimiti 300 $aIl linguaggio gioachimita: testo latino dei brani tradotti, già nell'ed. precedente. 500 10$a˜L'œiconografia gioachimita$3SBN0079485$9CFIV148254$93612479 500 10$xLAT$yITA$a˜Il œlinguaggio gioachimita$3SBN0079487$93612480 606 $aGIOACCHINO : DA FIORE$xOpere$xAntologie$2FIR$3NAPC136396$9I 606 $aGioacchino : da Fiore$xAntologie$2FIR$3RMLC205014$9I 676 $a230$9Cristianesimo, teologia cristiana.$v21 700 0$aIoachim : Florensis$3CFIV017960$4070$0181049 702 1$aD'Elia$b, Francesco$3CFIV066170$4340 790 0$aJoachim : de Flore$3CFIV159041$zIoachim : Florensis 790 0$aJoachim$c $3CFIV159042$zIoachim : Florensis 790 0$aJoachimus$c $3CFIV159043$zIoachim : Florensis 790 0$aGioacchino : da Fiore$3CFIV166496$zIoachim : Florensis 790 0$aIoachim$c $3CFIV234024$zIoachim : Florensis 790 0$aGioachino : da Fiore$3RCAV055856$zIoachim : Florensis 790 1$aDa Fiore$b, Gioacchino$3RCAV055860$zIoachim : Florensis 790 1$aD'Elia$b, Francesco$f <1928-2012>$3BVEV235328$zD'Elia, Francesco 801 3$aIT$bIT-01$c20001031 850 $aIT-RM028 $aIT-RM0313 $aIT-RM0418 $aIT-FR0084 $aIT-FR0017 899 $aBiblioteca Universitaria Alessandrina$bRM028 899 $aBIBLIOTECA CASANATENSE$bRM0313 899 $aBIBLIOTECA ACCADEMIA NAZ. DEI LINCEI E CORSINIANA$bRM0418 899 $aBiblioteca Del Monumento Nazionale Di Montecassino$bFR0084 899 $aBiblioteca umanistica Giorgio Aprea$bFR0017 $eN 912 $aPAL0168045 950 0$aBiblioteca umanistica Giorgio Aprea$d 52MAG 1/2213$e 52FLS0000237505 VMB RS $fA $h20181130$i20181130 977 $a 01$a 07$a 10$a 25$a 52 996 $aLinguaggio gioachimita$93612480 996 $aIconografia gioachimita$93612479 997 $aUNICAS LEADER 01220nam0 22003253i 450 001 CUB0010666 005 20231121125459.0 020 $aIT$b1931 4145 100 $a20230908d1931 ||||0itac50 ba 101 | $aita 102 $ait 181 1$6z01$ai $bxxxe 182 1$6z01$an 200 1 $a˜L'œAgamennone$fVittorio Alfieri$gcon introduzione e commento a cura di Corrado Jorio 210 $aMilano$cC. Signorelli$dstampa 1931 215 $a76 p.$d18 cm. 225 | $aScrittori italiani e stranieri$v31 410 0$1001SBL0393536$12001 $aScrittori italiani e stranieri$v31 500 10$aAgamennone$3LZ10226624$9CFIV000280$9149515 676 $a852.6$9Letteratura drammatica italiana. 1748-1814$v22 700 1$aAlfieri$b, Vittorio$f <1749-1803>$3CFIV000280$4070$0292812 702 1$aJorio$b, Corrado$3SBLV140108 801 3$aIT$bIT-01$c20230908 850 $aIT-FR0017 899 $aBiblioteca umanistica Giorgio Aprea$bFR0017 $eN 912 $aCUB0010666 950 0$aBiblioteca umanistica Giorgio Aprea$d 52DFV F 30$e 52BUN0000119185 VMC RS $fC $h20230908$i20230908 977 $a 52 996 $aAgamennone$9149515 997 $aUNICAS LEADER 01204cam2 22003013 450 001 SOBE00029100 005 20231214095611.0 100 $a20121212d1989 |||||ita|0103 ba 101 $aita 102 $aIT 200 1 $a<<34: >>Discorsi$e6$e(341-400)Su argomenti vari$etesto latino dall'edizione maurina e delle edizioni postmaurine$fSant'Agostino$gtraduzione e note V.Paronetto, A.M.Quartiroli$gindici Franco Monteverde 210 $aRoma$cCittà Nuova Editrice$d1989 215 $aXXXIX, 857 p.$cill.$d24 cm 300 $aNell'occhietto : Parte III: Discorsi 461 1$1001SOBE00028516$12001 $aOpere di Sant'Agostino 700 1$aAugustinus$b, Aurelius $3AF00004539$4070$0152280 702 1$aMonteverde, Franco$3AF00018100$4070 702 1$aParonetto, Vera$3SOBA00005406$4070 702 1$aQuartiroli, A.M.$3SOBA00005407$4070 801 0$aIT$bUNISOB$c20231214$gRICA 850 $aUNISOB 852 $aUNISOB$j200|Coll|16|K$m59094 912 $aSOBE00029100 940 $aM 102 Monografia moderna SBN 941 $aM 957 $a200|Coll|16|K$b000034$gSI$d59094$1catenacci$2UNISOB$3UNISOB$420121212151615.0$520231214095611.0$6Spinosa 996 $aSermones$921779 997 $aUNISOB